[Event "TUR-chT 2nd League"]
[Site "Konya"]
[Date "2019.07.25"]
[Round "5.2"]
[White "Abdimanoglu, Beste Basak"]
[Black "Kara, Gulce Nehir"]
[Result "0-1"]
[WhiteElo "1898"]
[BlackElo "1767"]
[PlyCount "104"]
[EventDate "2019.07.22"]
[EventType "team-swiss"]
[EventRounds "9"]
[EventCountry "TUR"]
[SourceTitle "CBM 191 Extra"]
[Source "ChessBase"]
[SourceDate "2019.09.30"]
[SourceVersion "1"]
[SourceVersionDate "2019.09.30"]
[SourceQuality "1"]
[WhiteTeam "Beyazkale Satranc Evi"]
[BlackTeam "Apaydin Satranc Spor"]
[WhiteTeamCountry "TUR"]
[BlackTeamCountry "TUR"]

1. d4 d5 2. c4 e6 3. Nc3 Nf6 4. cxd5 exd5 5. Bg5 c6 6. e3 Bf5 7. g4 Bd7 8. h3 Bd6 9. Nge2 h6 10. Bh4 Na6 11. Bg2 Qc7 12. Qd2 g5 13. Bg3 0-0-0 14. Rc1 Bxg3 15. Nxg3 Qd6 16. Nb5 Qe7 17. Nc3 Kb8 18. a3 h5 19. gxh5 Nxh5 20. Nxh5 Rxh5 21. Ne2 Rdh8 22. Qc2 Bxh3 23. Rxh3 Rxh3 24. Bxh3 Rxh3 25. Qf5 Rh1+ 26. Kd2 Rxc1 27. Kxc1 Nc7 28. Ng1 Ne8 29. Qe5+ Qxe5 30. dxe5 f6 31. Nf3 g4 32. exf6 Nxf6 33. Nh2 Kc7 34. Kd1 Kd6 35. Ke2 Ke5 36. Nf1 Ne4 37. Nh2 Kf5 38. Nf1 c5 39. Nh2 b5 40. Nf1 a5 41. Nh2 a4 42. Nf1 b4 43. Nh2 Nd6 44. Kd3 bxa3 45. bxa3 Nb5 46. Nf1 c4+ 47. Kd2 Nxa3 48. Ng3+ Ke5 49. Kc3 Nb5+ 50. Kc2 a3 51. Ne2 Ke4 52. Ng1 c3 0-1

[Event "TUR-chT 2nd League"]
[Site "Konya"]
[Date "2019.07.25"]
[Round "6.1"]
[White "Ibrahimova, Sabina Oqtay"]
[Black "Abdimanoglu, Beste Basak"]
[Result "1-0"]
[WhiteElo "2190"]
[BlackElo "1898"]
[PlyCount "77"]
[EventDate "2019.07.22"]
[EventType "team-swiss"]
[EventRounds "9"]
[EventCountry "TUR"]
[SourceTitle "CBM 191 Extra"]
[Source "ChessBase"]
[SourceDate "2019.09.30"]
[SourceVersion "1"]
[SourceVersionDate "2019.09.30"]
[SourceQuality "1"]
[WhiteTeam "Koroglu Dernegi"]
[BlackTeam "Beyazkale Satranc Evi"]
[WhiteTeamCountry "TUR"]
[BlackTeamCountry "TUR"]

1. e4 g6 2. d4 Bg7 3. Nc3 d6 4. Nf3 Nf6 5. h3 0-0 6. Be2 a6 7. a4 b6 8. 0-0 Nc6 9. d5 Ne5 10. Nd4 Bb7 11. f4 Ned7 12. Bf3 Qe8 13. Nb3 e5 14. dxe6 fxe6 15. g4 Qf7 16. Be3 Rab8 17. Qe1 Nc5 18. Nxc5 bxc5 19. Rd1 Ne8 20. Bg2 Qe7 21. Kh1 Ba8 22. Bc1 Nf6 23. Qe2 Ne8 24. Qxa6 Nf6 25. Qe2 Nd7 26. Nb5 Rbc8 27. c4 Nf6 28. Rd3 Ne8 29. Rfd1 Rd8 30. e5 Bxg2+ 31. Kxg2 Qd7 32. Qe4 Qe7 33. Be3 d5 34. cxd5 exd5 35. Rxd5 Nf6 36. Bxc5 Qxc5 37. exf6 Rxd5 38. Rxd5 Qc1 39. Qe6+ 1-0

[Event "TUR-chT 2nd League"]
[Site "Konya"]
[Date "2019.07.23"]
[Round "3.1"]
[White "Abdimanoglu, Beste Basak"]
[Black "Guclu, Yagmur"]
[Result "1-0"]
[WhiteElo "1898"]
[BlackElo "1516"]
[PlyCount "105"]
[EventDate "2019.07.22"]
[EventType "team-swiss"]
[EventRounds "9"]
[EventCountry "TUR"]
[SourceTitle "CBM 191 Extra"]
[Source "ChessBase"]
[SourceDate "2019.09.30"]
[SourceVersion "1"]
[SourceVersionDate "2019.09.30"]
[SourceQuality "1"]
[WhiteTeam "Beyazkale Satranc Evi"]
[BlackTeam "Mercan Egitim"]
[WhiteTeamCountry "TUR"]
[BlackTeamCountry "TUR"]

1. d4 d5 2. c4 c6 3. Nf3 Nf6 4. Nc3 dxc4 5. a4 Bf5 6. Ne5 Nbd7 7. Nxc4 Qc7 8. f3 e6 9. e4 Bg6 10. Be3 Be7 11. Be2 Rd8 12. Qc1 0-0 13. 0-0 Nb6 14. Rd1 Nxc4 15. Bxc4 a5 16. Ne2 h6 17. Nf4 Bh7 18. Bxe6 fxe6 19. Nxe6 Qd7 20. Nxf8 Rxf8 21. Qc4+ Kh8 22. Qe2 Rd8 23. Kh1 Bg8 24. Qf2 Rf8 25. Qe1 Bb4 26. Qh4 Bh7 27. Bd2 Bxd2 28. Rxd2 Rd8 29. Re1 Re8 30. Qf2 Bg8 31. d5 cxd5 32. e5 Nh7 33. Qb6 Qxa4 34. Qxb7 Be6 35. b3 Qb4 36. Qxb4 axb4 37. Rd4 Rb8 38. f4 h5 39. Rf1 g6 40. Ra1 Nf8 41. Ra4 Nd7 42. Raxb4 Rxb4 43. Rxb4 Kg8 44. Kg1 Kf8 45. Kf2 Ke8 46. Ke3 Kd8 47. Kd4 Kc7 48. Ra4 Kb7 49. Ra1 Kc7 50. Ra7+ Kd8 51. b4 Kc8 52. Ra6 Bf7 53. e6 1-0

[Event "TUR-ch (Women)"]
[Site "Antalya"]
[Date "2018.03.10"]
[Round "9"]
[White "Abdimanoglu, Beste Basak"]
[Black "Gur, Tuba"]
[Result "1-0"]
[WhiteElo "1907"]
[BlackElo "1739"]
[PlyCount "85"]
[EventDate "2018.03.05"]
[EventType "swiss"]
[EventRounds "9"]
[EventCountry "TUR"]
[SourceTitle "CBM 183 Extra"]
[Source "ChessBase"]
[SourceDate "2018.04.19"]
[SourceVersion "1"]
[SourceVersionDate "2018.04.19"]
[SourceQuality "1"]

1. d4 d5 2. c4 e6 3. Nf3 Nf6 4. Bf4 Be7 5. e3 0-0 6. h3 Nbd7 7. Nc3 a6 8. Ne5 Nxe5 9. dxe5 Ne4 10. Nxe4 dxe4 11. a3 c5 12. Qc2 Qa5+ 13. Ke2 Bd7 14. g4 Rfd8 15. Bg2 Ba4 16. b3 Bc6 17. Bxe4 Bxe4 18. Qxe4 Rd2+ 19. Kf3 Bh4 20. Bg3 Bxg3 21. Kxg3 Qc3 22. Rac1 Qb2 23. Rb1 Qxa3 24. Qxb7 Rf8 25. Rhd1 Rc2 26. Qe4 Qa2 27. Qf3 h6 28. Ra1 Qxb3 29. Rxa6 Qxc4 30. Ra7 Qe2 31. Rxf7 Qxf3+ 32. Rxf3 Rxf3+ 33. Kxf3 g5 34. Rd8+ Kf7 35. Rd7+ Kg6 36. Re7 c4 37. Rxe6+ Kg7 38. Re7+ Kg6 39. Kg3 Re2 40. Rc7 Rc2 41. f4 gxf4+ 42. exf4 Rc3+ 43. Kh4 1-0

[Event "TUR-ch (Women)"]
[Site "Antalya"]
[Date "2018.03.09"]
[Round "7"]
[White "Abdimanoglu, Beste Basak"]
[Black "Oz, Irem Ezra"]
[Result "1-0"]
[WhiteElo "1907"]
[BlackElo "1712"]
[PlyCount "127"]
[EventDate "2018.03.05"]
[EventType "swiss"]
[EventRounds "9"]
[EventCountry "TUR"]
[SourceTitle "CBM 183 Extra"]
[Source "ChessBase"]
[SourceDate "2018.04.19"]
[SourceVersion "1"]
[SourceVersionDate "2018.04.19"]
[SourceQuality "1"]

1. d4 d5 2. c4 c6 3. Nc3 Nf6 4. Nf3 dxc4 5. e3 b5 6. a4 b4 7. Na2 e6 8. Bxc4 Bb7 9. Bd2 a5 10. Nc1 Ba6 11. Qc2 Be7 12. Nd3 Bxc4 13. Qxc4 Qd5 14. Rc1 0-0 15. 0-0 Rc8 16. Qxd5 exd5 17. Rc2 Nfd7 18. Rfc1 f6 19. Nf4 Nb6 20. b3 Kf7 21. Ne1 g5 22. Nh5 Ra7 23. Nd3 Bd6 24. Ng3 Kg6 25. Be1 Re7 26. Nf1 h5 27. f3 h4 28. g3 hxg3 29. Bxg3 Bxg3 30. hxg3 Rh8 31. g4 Rh4 32. Rc5 Ra7 33. Ng3 N6d7 34. R5c2 Nf8 35. Kg2 Ne6 36. Nf5 Rhh7 37. Rh1 Rxh1 38. Kxh1 Rh7+ 39. Kg1 Rd7 40. Nc5 Nxc5 41. Rxc5 Ra7 42. Kg2 Kf7 43. Kg3 Ke6 44. f4 Kd7 45. fxg5 fxg5 46. Rc2 Kc7 47. Rh2 Nd7 48. Rh6 Nf8 49. Ne7 Kd7 50. Nxc6 Ra8 51. Ne5+ Ke7 52. Rh8 Ra6 53. Rh5 Ne6 54. Rh7+ Ke8 55. Rd7 Ra8 56. Rxd5 Rc8 57. Nc4 Ra8 58. Re5 Kf7 59. Nxa5 Rc8 60. Nc4 Rb8 61. Nd6+ Kf6 62. Ne4+ Kf7 63. Nxg5+ Nxg5 64. Rxg5 1-0

[Event "TUR-chT2"]
[Site "Konya"]
[Date "2017.07.15"]
[Round "9.10"]
[White "Zengin, Nazlican"]
[Black "Abdimanoglu, Beste Basak"]
[Result "0-1"]
[WhiteElo "1468"]
[BlackElo "1903"]
[PlyCount "76"]
[EventDate "2017.07.09"]
[EventType "team-swiss"]
[EventRounds "9"]
[EventCountry "TUR"]
[SourceTitle "CBM 179 Extra"]
[Source "ChessBase"]
[SourceDate "2017.08.23"]
[SourceVersion "1"]
[SourceVersionDate "2017.08.23"]
[SourceQuality "1"]
[WhiteTeam "Genclik Egitim"]
[BlackTeam "Selcuklu Belediyesi"]
[WhiteTeamCountry "TUR"]
[BlackTeamCountry "TUR"]

1. d4 d6 2. e4 g6 3. Nf3 Bg7 4. Nc3 Bg4 5. Be3 Nc6 6. Be2 Bxf3 7. Bxf3 e5 8. Ne2 Nge7 9. c3 0-0 10. 0-0 f5 11. exf5 gxf5 12. dxe5 dxe5 13. Qb3+ Kh8 14. Qxb7 e4 15. Bh5 Rb8 16. Qa6 Rxb2 17. Bxa7 Qa8 18. Qa3 Rb6 19. Nf4 Qxa7 20. Qc1 Ne5 21. Qe3 Qa3 22. Rfc1 Rc6 23. Ne2 Nd3 24. Rcb1 Nd5 25. Qd2 Nxc3 26. Rb3 Nxe2+ 27. Bxe2 Qc5 28. Rd1 Bh6 29. Qc3+ Qxc3 30. Rxc3 Rxc3 31. g3 Ra8 32. Kg2 Rxa2 33. Bxd3 Rxd3 34. Re1 e3 35. Kf1 Rxf2+ 36. Kg1 Rdd2 37. Rb1 Rg2+ 38. Kf1 Rdf2+ 0-1

[Event "TUR-chT2"]
[Site "Konya"]
[Date "2017.07.10"]
[Round "3.4"]
[White "Abdimanoglu, Beste Basak"]
[Black "Koc, Berfin"]
[Result "1-0"]
[WhiteElo "1903"]
[BlackElo "1331"]
[PlyCount "113"]
[EventDate "2017.07.09"]
[EventType "team-swiss"]
[EventRounds "9"]
[EventCountry "TUR"]
[SourceTitle "CBM 179 Extra"]
[Source "ChessBase"]
[SourceDate "2017.08.23"]
[SourceVersion "1"]
[SourceVersionDate "2017.08.23"]
[SourceQuality "1"]
[WhiteTeam "Selcuklu Belediyesi"]
[BlackTeam "Onay"]
[WhiteTeamCountry "TUR"]
[BlackTeamCountry "TUR"]

1. d4 Nf6 2. c4 g6 3. Nc3 Bg7 4. e4 d6 5. h3 0-0 6. Nf3 c5 7. d5 Nbd7 8. Be3 b6 9. Be2 Ne5 10. Nd2 e6 11. f4 Ned7 12. dxe6 fxe6 13. Nf1 Qe7 14. Qd2 Bb7 15. Bf3 Ne8 16. 0-0-0 Rd8 17. h4 Ndf6 18. Ng3 Nc7 19. Qc2 Nd7 20. h5 e5 21. f5 g5 22. h6 Bf6 23. Qd2 Ne8 24. Nh5 Bh8 25. Bxg5 Ndf6 26. Bh4 Kf7 27. g4 Qc7 28. g5 Ng8 29. Rhg1 Ne7 30. g6+ hxg6 31. fxg6+ Nxg6 32. Qg5 Nxh4 33. Qxh4 Qe7 34. Qg4 Qe6 35. Qg5 Nc7 36. Bg4 Qe7 37. Rdf1+ Ke8 38. Qg6+ Rf7 39. Ng7+ Kf8 40. Bh5 Rd7 41. Rxf7+ Qxf7 42. Qxf7+ Rxf7 43. Bxf7 Kxf7 44. Nf5 Ne8 45. Kd2 Bf6 46. Kd3 Bc8 47. Nb5 Bxf5 48. exf5 a6 49. Nc3 Nc7 50. Ne4 Ne8 51. Rg6 Bh8 52. Nxd6+ Nxd6 53. Rxd6 b5 54. Rxa6 b4 55. Ke4 Bf6 56. Rc6 Be7 57. h7 1-0

[Event "TUR-chT2"]
[Site "Konya"]
[Date "2016.07.19"]
[Round "4.7"]
[White "Abdimanoglu, Beste Basak"]
[Black "Gokbulut, Julia"]
[Result "0-1"]
[WhiteElo "1913"]
[BlackElo "2012"]
[PlyCount "78"]
[EventDate "2016.07.17"]
[EventType "team-swiss"]
[EventRounds "9"]
[EventCountry "TUR"]
[SourceTitle "CBM 173 Extra"]
[Source "ChessBase"]
[SourceDate "2016.08.29"]
[SourceVersion "1"]
[SourceVersionDate "2016.08.29"]
[SourceQuality "1"]
[WhiteTeam "Karaman Saglik"]
[BlackTeam "Ankara Dernegi"]
[WhiteTeamCountry "TUR"]
[BlackTeamCountry "TUR"]

1. d4 Nf6 2. c4 g6 3. Nc3 Bg7 4. e4 d6 5. h3 0-0 6. Nf3 Qe8 7. Be3 Na6 8. Be2 e5 9. d5 Nh5 10. g3 f5 11. exf5 gxf5 12. Nh4 Nf6 13. Qd2 b6 14. 0-0-0 Bd7 15. Ng2 Nc5 16. f3 a5 17. h4 Nh5 18. Bh6 Bxh6 19. Qxh6 Qg6 20. Qd2 Nxg3 21. Rhg1 f4 22. h5 Qf6 23. Bd3 Nxd3+ 24. Qxd3 Kh8 25. Ne4 Nxe4 26. fxe4 Rg8 27. Rdf1 Raf8 28. Qf3 Bg4 29. Qf2 f3 30. Ne3 Qf4 31. Qd2 Qxe4 32. Nxg4 Rxg4 33. Qh6 Qf4+ 34. Qxf4 Rgxf4 35. b3 Rg8 36. Kd2 Rxg1 37. Rxg1 f2 38. Rf1 Kg7 39. Ke2 Kh6 0-1

[Event "Mediterranean-ch 10th"]
[Site "Beirut"]
[Date "2015.10.23"]
[Round "7"]
[White "Bassel, Charaf"]
[Black "Abdimanoglu, Beste Basak"]
[Result "1-0"]
[WhiteElo "2126"]
[BlackElo "1880"]
[PlyCount "59"]
[EventDate "2015.10.16"]
[EventType "swiss"]
[EventRounds "9"]
[EventCountry "LBN"]
[SourceTitle "EXT 2018"]
[Source "ChessBase"]
[SourceDate "2017.10.13"]
[SourceVersion "1"]
[SourceVersionDate "2017.10.13"]
[SourceQuality "1"]

1. d4 d6 2. Nf3 g6 3. c4 Bg7 4. Nc3 c6 5. g3 Nd7 6. Bg2 e5 7. 0-0 f5 8. e4 Nh6 9. Bxh6 Bxh6 10. exf5 gxf5 11. Nxe5 0-0 12. Nxd7 Bxd7 13. Qh5 Qf6 14. Rad1 Be8 15. Qf3 Bg6 16. Rfe1 Qf7 17. Qe2 Rae8 18. Qf1 f4 19. Rxe8 Rxe8 20. d5 c5 21. Bh3 Kg7 22. Nb5 Qe7 23. Nxa7 Qe5 24. Nb5 Kh8 25. Nc7 Rg8 26. Be6 fxg3 27. hxg3 Bf5 28. Bxf5 Qxf5 29. Qd3 Qh5 30. Re1 1-0

[Event "TUR-chT2"]
[Site "Konya"]
[Date "2015.07.30"]
[Round "8.3"]
[White "Onur, Cigdem"]
[Black "Abdimanoglu, Beste Basak"]
[Result "1/2-1/2"]
[WhiteElo "1659"]
[BlackElo "1989"]
[PlyCount "139"]
[EventDate "2015.07.25"]
[EventType "team-swiss"]
[EventRounds "9"]
[EventCountry "TUR"]
[SourceTitle "CBM 167 Extra"]
[Source "ChessBase"]
[SourceDate "2015.09.14"]
[SourceVersion "1"]
[SourceVersionDate "2015.09.14"]
[SourceQuality "1"]
[WhiteTeam "Bursa Buyuksehir"]
[BlackTeam "Izmir Tas Duvar"]
[WhiteTeamCountry "TUR"]
[BlackTeamCountry "TUR"]

1. e4 d6 2. d4 g6 3. Nc3 Bg7 4. Be3 a6 5. Qd2 b5 6. f3 Nd7 7. h4 h5 8. Nh3 Bb7 9. Ng5 e6 10. a4 b4 11. Ne2 a5 12. Nf4 Qf6 13. c3 c5 14. Bb5 Rd8 15. 0-0 Ne7 16. dxc5 bxc3 17. Qxd6 e5 18. Qxf6 Bxf6 19. Nd3 cxb2 20. Nxb2 Nc6 21. Nc4 Be7 22. Bxc6 Bxc6 23. Nxa5 Rc8 24. Rfc1 0-0 25. Nh3 Bxh4 26. Nxc6 Rxc6 27. a5 Be7 28. a6 Ra8 29. Ra5 Bd8 30. Ra3 Be7 31. Ra5 Bd8 32. Ra2 Be7 33. Ra5 Nb8 34. Rca1 Raxa6 35. Rxa6 Nxa6 36. Nf2 Nxc5 37. Rc1 Rc7 38. Nd3 Ne6 39. Rxc7 Nxc7 40. Nxe5 Ne6 41. Nc6 Ba3 42. Kf2 Kf8 43. Ne5 Bd6 44. Nc4 Bb4 45. Nb6 Ke8 46. Nd5 Bd6 47. g3 Kd7 48. Nb6+ Kc6 49. Nc4 Bc7 50. Nb2 Kb5 51. Nd3 Kc4 52. Ne1 Bd6 53. Ng2 Kd3 54. Ne1+ Kc4 55. Ng2 Kd3 56. Ne1+ Kc4 57. Ng2 Bb4 58. Nf4 Nxf4 59. Bxf4 Kd3 60. Bg5 Bc5+ 61. Kg2 Bd4 62. Bf4 Ke2 63. Bd6 g5 64. f4 Ke3 65. fxg5 Kxe4 66. Bf4 Kf5 67. Kh3 Bc5 68. Kh4 Kg6 69. g4 hxg4 70. Kxg4 1/2-1/2

[Event "TUR-chT2"]
[Site "Konya"]
[Date "2015.07.28"]
[Round "5.1"]
[White "Abdimanoglu, Beste Basak"]
[Black "Fataliyeva, Ulviyya Hasil Qizi"]
[Result "1-0"]
[WhiteElo "1989"]
[BlackElo "2306"]
[PlyCount "51"]
[EventDate "2015.07.25"]
[EventType "team-swiss"]
[EventRounds "9"]
[EventCountry "TUR"]
[SourceTitle "CBM 167 Extra"]
[Source "ChessBase"]
[SourceDate "2015.09.14"]
[SourceVersion "1"]
[SourceVersionDate "2015.09.14"]
[SourceQuality "1"]
[WhiteTeam "Izmir Tas Duvar"]
[BlackTeam "Ankara Onur"]
[WhiteTeamCountry "TUR"]
[BlackTeamCountry "TUR"]

1. d4 e6 2. c4 Nf6 3. Nf3 d5 4. Bg5 Bb4+ 5. Nbd2 0-0 6. cxd5 exd5 7. Qb3 Nc6 8. e3 h6 9. Bxf6 Qxf6 10. Qxd5 Be6 11. Qb5 Rfe8 12. Be2 a6 13. Qh5 Rad8 14. g4 Nxd4 15. Nxd4 Bxd2+ 16. Kxd2 Rxd4+ 17. exd4 Qxd4+ 18. Kc2 Bf5+ 19. gxf5 Re5 20. Rad1 Qxf2 21. Rhe1 Rxf5 22. Qg4 g6 23. Kb1 Re5 24. Qc4 Qxh2 25. Rd8+ Kg7 26. Rf1 1-0

[Event "TUR-chT2"]
[Site "Konya"]
[Date "2015.07.26"]
[Round "2.3"]
[White "Abdulla, Khayala Mardan Qizi"]
[Black "Abdimanoglu, Beste Basak"]
[Result "1-0"]
[WhiteElo "2312"]
[BlackElo "1989"]
[PlyCount "77"]
[EventDate "2015.07.25"]
[EventType "team-swiss"]
[EventRounds "9"]
[EventCountry "TUR"]
[SourceTitle "CBM 167 Extra"]
[Source "ChessBase"]
[SourceDate "2015.09.14"]
[SourceVersion "1"]
[SourceVersionDate "2015.09.14"]
[SourceQuality "1"]
[WhiteTeam "Manisa Salihli Sardes"]
[BlackTeam "Izmir Tas Duvar"]
[WhiteTeamCountry "TUR"]
[BlackTeamCountry "TUR"]

1. e4 d6 2. d4 g6 3. Nc3 Bg7 4. f4 a6 5. Nf3 b5 6. a3 e6 7. Bd3 Ne7 8. 0-0 Bb7 9. Be3 Nd7 10. f5 exf5 11. exf5 0-0 12. Qd2 c5 13. dxc5 dxc5 14. fxg6 fxg6 15. Ng5 Qb6 16. Bxg6 Nxg6 17. Qxd7 Ne5 18. Rxf8+ Rxf8 19. Qe6+ Qxe6 20. Nxe6 Rc8 21. Bxc5 Nc4 22. Nxg7 Rxc5 23. Ne6 Re5 24. Nd8 Ba8 25. b3 Re3 26. Nd1 Re8 27. bxc4 Rxd8 28. cxb5 Rd2 29. bxa6 Rxg2+ 30. Kf1 Rxh2 31. Rb1 Rh1+ 32. Ke2 Bd5 33. Rb8+ Kg7 34. a7 Rh2+ 35. Nf2 Rh6 36. a8Q Re6+ 37. Kd2 Bxa8 38. Rxa8 h5 39. Ra5 1-0

[Event "TUR-chT2"]
[Site "Konya"]
[Date "2015.07.25"]
[Round "1.4"]
[White "Abdimanoglu, Beste Basak"]
[Black "Matnadze, Ana"]
[Result "0-1"]
[WhiteElo "1989"]
[BlackElo "2368"]
[PlyCount "90"]
[EventDate "2015.07.25"]
[EventType "team-swiss"]
[EventRounds "9"]
[EventCountry "TUR"]
[SourceTitle "CBM 167 Extra"]
[Source "ChessBase"]
[SourceDate "2015.09.14"]
[SourceVersion "1"]
[SourceVersionDate "2015.09.14"]
[SourceQuality "1"]
[WhiteTeam "Izmir Tas Duvar"]
[BlackTeam "Hatay Samandag"]
[WhiteTeamCountry "TUR"]
[BlackTeamCountry "TUR"]

1. d4 Nf6 2. Nf3 e6 3. Bf4 b6 4. e3 Bb7 5. Nbd2 g6 6. c3 Bg7 7. Qc2 0-0 8. h4 d6 9. Bd3 Nbd7 10. 0-0-0 Qe8 11. Nc4 a5 12. h5 Nxh5 13. Rxh5 Bxf3 14. gxf3 gxh5 15. Be4 f5 16. Bxa8 Qxa8 17. Qb3 Qd5 18. Rg1 Rf6 19. Nd2 Qxb3 20. axb3 Rg6 21. Rh1 Nf6 22. Kb1 Kf7 23. Bg3 Bf8 24. Ka2 Be7 25. Nc4 Kg7 26. Na3 Nd5 27. Nb5 h4 28. Bxh4 Bxh4 29. Rxh4 Rh6 30. Rxh6 Kxh6 31. e4 fxe4 32. fxe4 Nf4 33. Nxc7 Kg5 34. c4 h5 35. Ne8 h4 36. Nxd6 h3 37. c5 bxc5 38. dxc5 h2 39. c6 h1Q 40. c7 Nd3 41. b4 Nxb4+ 42. Ka3 Qa1+ 43. Kb3 Qd1+ 44. Ka3 Qd3+ 45. b3 Qc2 0-1

[Event "TUR-chT"]
[Site "Kocaeli"]
[Date "2014.08.27"]
[Round "11.6"]
[White "Abdimanoglu, Beste Basak"]
[Black "Patel, Yesim"]
[Result "0-1"]
[WhiteElo "1872"]
[BlackElo "1882"]
[PlyCount "60"]
[EventDate "2014.08.18"]
[EventType "team-tourn"]
[EventRounds "13"]
[EventCountry "TUR"]
[SourceTitle "CBM 162 Extra"]
[Source "ChessBase"]
[SourceDate "2014.10.17"]
[SourceVersion "1"]
[SourceVersionDate "2014.10.17"]
[SourceQuality "1"]
[WhiteTeam "Hatay Buyuksehir"]
[BlackTeam "Denizsu Aquamatch"]
[WhiteTeamCountry "TUR"]
[BlackTeamCountry "TUR"]

1. d4 Nf6 2. Bg5 d5 3. Bxf6 exf6 4. e3 Bd6 5. g3 c6 6. Bg2 Nd7 7. Ne2 f5 8. Nd2 Nf6 9. c4 dxc4 10. Nxc4 Bb4+ 11. Nc3 0-0 12. 0-0 Be6 13. Ne5 Qa5 14. Qc2 Rfd8 15. Bxc6 bxc6 16. Nxc6 Qb6 17. Nxd8 Rxd8 18. Rac1 Bxc3 19. bxc3 Rc8 20. Rb1 Qc6 21. Rfc1 g6 22. Qb2 Qf3 23. Qb7 Bd5 24. Qxc8+ Kg7 25. Kf1 Ng4 26. Rb2 Qg2+ 27. Ke1 Qg1+ 28. Kd2 Qxf2+ 29. Kd3 Qxb2 30. Rf1 Be4+ 0-1

[Event "TUR-chT"]
[Site "Kocaeli"]
[Date "2014.08.26"]
[Round "9.8"]
[White "Abdimanoglu, Beste Basak"]
[Black "Wang, Jue"]
[Result "0-1"]
[WhiteElo "1872"]
[BlackElo "2368"]
[PlyCount "84"]
[EventDate "2014.08.18"]
[EventType "team-tourn"]
[EventRounds "13"]
[EventCountry "TUR"]
[SourceTitle "CBM 162 Extra"]
[Source "ChessBase"]
[SourceDate "2014.10.17"]
[SourceVersion "1"]
[SourceVersionDate "2014.10.17"]
[SourceQuality "1"]
[WhiteTeam "Hatay Buyuksehir"]
[BlackTeam "TS Alyans"]
[WhiteTeamCountry "TUR"]
[BlackTeamCountry "TUR"]

1. d4 Nf6 2. Bg5 d5 3. Bxf6 exf6 4. e3 Bd6 5. Bd3 c6 6. Nd2 Nd7 7. c3 Nb6 8. Qc2 Qe7 9. 0-0-0 a5 10. Ngf3 g6 11. e4 Be6 12. Rde1 0-0-0 13. Kb1 Kb8 14. Nb3 a4 15. Nc1 Rc8 16. g3 Rhd8 17. Nd2 Qd7 18. c4 dxe4 19. Nxe4 Bb4 20. Rd1 Qxd4 21. Ne2 Qe5 22. f4 Qc7 23. c5 Nd5 24. Qxa4 Qe7 25. Rc1 Bf5 26. Rc4 Ne3 27. Rxb4 Rxd3 28. N2c3 Re8 29. Ka1 Rxc3 30. bxc3 Bxe4 31. Rc1 Nd5 32. Rb3 Qxc5 33. Ra3 Nb6 34. Qa7+ Kc7 35. Qa5 Qxa5 36. Rxa5 Nc4 37. Ra4 Bd3 38. Rb4 b5 39. Rd1 Re3 40. a4 Kb6 41. axb5 cxb5 42. Rc1 Re8 0-1

[Event "TUR-chT"]
[Site "Kocaeli"]
[Date "2014.08.23"]
[Round "7.4"]
[White "Abdimanoglu, Beste Basak"]
[Black "Soylemez, Cansu"]
[Result "1-0"]
[WhiteElo "1872"]
[BlackElo "1919"]
[PlyCount "55"]
[EventDate "2014.08.18"]
[EventType "team-tourn"]
[EventRounds "13"]
[EventCountry "TUR"]
[SourceTitle "CBM 162 Extra"]
[Source "ChessBase"]
[SourceDate "2014.10.17"]
[SourceVersion "1"]
[SourceVersionDate "2014.10.17"]
[SourceQuality "1"]
[WhiteTeam "Hatay Buyuksehir"]
[BlackTeam "Besiktas Jimnastik"]
[WhiteTeamCountry "TUR"]
[BlackTeamCountry "TUR"]

1. d4 Nf6 2. Bg5 Ne4 3. h4 h6 4. Bf4 d5 5. Nd2 Nxd2 6. Qxd2 e6 7. Nf3 Bd6 8. c3 b6 9. Be5 Bxe5 10. Nxe5 Qf6 11. e3 0-0 12. 0-0-0 c5 13. Bd3 Qe7 14. Bb1 Re8 15. Qc2 f5 16. g4 Qf8 17. Rdg1 Nd7 18. Ng6 Qf6 19. Nf4 Nf8 20. g5 hxg5 21. hxg5 Qd8 22. g6 Nd7 23. f3 Qf6 24. Rh7 Nf8 25. Qh2 Nxh7 26. Qxh7+ Kf8 27. Nh5 e5 28. Nxf6 1-0

[Event "TUR-chT"]
[Site "Kocaeli"]
[Date "2014.08.21"]
[Round "4.4"]
[White "Ibrahimova, Sabina Oqtay"]
[Black "Abdimanoglu, Beste Basak"]
[Result "1-0"]
[WhiteElo "2263"]
[BlackElo "1872"]
[PlyCount "119"]
[EventDate "2014.08.18"]
[EventType "team-tourn"]
[EventRounds "13"]
[EventCountry "TUR"]
[SourceTitle "CBM 162 Extra"]
[Source "ChessBase"]
[SourceDate "2014.10.17"]
[SourceVersion "1"]
[SourceVersionDate "2014.10.17"]
[SourceQuality "1"]
[WhiteTeam "Mersin Ezgi"]
[BlackTeam "Hatay Buyuksehir"]
[WhiteTeamCountry "TUR"]
[BlackTeamCountry "TUR"]

1. e4 d6 2. d4 g6 3. Nc3 Bg7 4. Be3 a6 5. a4 b6 6. Bc4 Nf6 7. Nf3 0-0 8. h3 Bb7 9. e5 Ne4 10. Nxe4 Bxe4 11. 0-0 d5 12. Bb3 Bxf3 13. Qxf3 e6 14. c4 c6 15. Qg4 Qe7 16. cxd5 cxd5 17. Rac1 Qb4 18. Rc3 Nc6 19. Rd3 Na5 20. Bd2 Qe7 21. h4 h5 22. Qg3 Nc4 23. Bc1 Rac8 24. Bd1 Nxe5 25. Bg5 f6 26. Bxf6 Qxf6 27. dxe5 Qf5 28. Rf3 Qe4 29. Re3 Qf5 30. Be2 Kh7 31. Bd3 Qg4 32. Qxg4 hxg4 33. h5 Rf4 34. hxg6+ Kh6 35. g3 Rxa4 36. Kg2 Rh8 37. Rh1+ Kg5 38. Rh7 Rg8 39. Re1 Rb4 40. Reh1 Re4 41. Bxe4 dxe4 42. Ra1 a5 43. Ra4 Kxg6 44. Rh1 Kf5 45. b4 axb4 46. Rxb4 Rb8 47. Re1 Bxe5 48. Rbxe4 Bh8 49. Rf4+ Kg5 50. Rxe6 b5 51. Ree4 Bc3 52. Rxg4+ Kf5 53. Ref4+ Ke5 54. Rg5+ Ke6 55. Rff5 b4 56. Rb5 Ra8 57. Rg6+ Kf7 58. Rgb6 Ra4 59. f4 Ra2+ 60. Kf3 1-0

[Event "TUR-chT"]
[Site "Kocaeli"]
[Date "2014.08.18"]
[Round "1.1"]
[White "Abdimanoglu, Beste Basak"]
[Black "Aslan, Cagla Yaren"]
[Result "1-0"]
[WhiteElo "1872"]
[BlackElo "1760"]
[PlyCount "73"]
[EventDate "2014.08.18"]
[EventType "team-tourn"]
[EventRounds "13"]
[EventCountry "TUR"]
[SourceTitle "CBM 162 Extra"]
[Source "ChessBase"]
[SourceDate "2014.10.17"]
[SourceVersion "1"]
[SourceVersionDate "2014.10.17"]
[SourceQuality "1"]
[WhiteTeam "Hatay Buyuksehir"]
[BlackTeam "Akdeniz Belediyesi"]
[WhiteTeamCountry "TUR"]
[BlackTeamCountry "TUR"]

1. d4 Nf6 2. c4 g6 3. Nc3 Bg7 4. e4 d6 5. Nf3 0-0 6. h3 e5 7. d5 a5 8. Bg5 Na6 9. Be2 Qe8 10. a3 Nd7 11. Nd2 f6 12. Bh4 Nb6 13. g4 a4 14. Qc2 Nc5 15. 0-0-0 f5 16. gxf5 gxf5 17. Rdg1 Kh8 18. Kb1 fxe4 19. Bg4 c6 20. Ncxe4 Nxe4 21. Nxe4 cxd5 22. Nxd6 Qc6 23. Nxc8 Nxc8 24. cxd5 Qxc2+ 25. Kxc2 Bf6 26. Bg3 Ra5 27. Be6 Nd6 28. Re1 Rc5+ 29. Kb1 Nc4 30. Rc1 b6 31. Rc2 Ra8 32. Rhc1 b5 33. d6 Bg5 34. Rd1 Rd8 35. d7 Kg7 36. Re2 Kf6 37. Bxc4 1-0